1000 obras maestras de la pintura

Saved in:
Bibliografiske detaljer
Main Authors: Stukenbrock, Christiane (Author), Topper, Barbara (Author)
Format: Bog
Sprog:spansk
Udgivet: H. F. Ullmann 2011
Fag:
Tags: Tilføj Tag
Ingen Tags, Vær først til at tagge denne postø!

MARC

LEADER 00000cam a2200000 a 4500
001 UCF0152
003 CL-VaPUC
008 120427e20110000GW |||||||||||||||||spa|d
020 |a 9783833161117 
082 0 4 |a 759  |b STU  |2 21 
100 0 |a Stukenbrock, Christiane  |e author  |9 562009 
700 0 |a Topper, Barbara  |e author  |9 562010 
245 1 0 |a 1000 obras maestras de la pintura 
300 |a 1007 p 
942 |c BK 
945 |d 20120427 00:00:00  |a dcastane 
260 |b H. F. Ullmann  |c 2011 
650 0 |a Pintura  |9 265046 
650 0 |a Crítica e interpretación   |9 255042 
583 |a last modification  |c 20120910 08:27:59  |k Rodrigo Vera 
999 |c 347633  |d 347631 
952 |0 0  |1 0  |4 0  |6 759_000000000000000_STU_2011  |7 0  |8 A  |9 449098  |a BIBING  |b BIBING  |d 2019-11-22  |i 4860535  |o 759 STU 2011  |p 4860535  |r 2025-01-20  |w 2019-11-22  |y BK  |k CUI